| 000 | 01071nam a22001937a 4500 | ||
|---|---|---|---|
| 003 | JO-AjAnu | ||
| 005 | 20240406100213.0 | ||
| 008 | 240403b jo ||||| |||| 00| 0 ara d | ||
| 040 |
_aJO-AjAnu _canu |
||
| 041 | 1 | _hara | |
| 100 |
_aالكوفحي، عابدة خالد _eمعد _965282 |
||
| 245 | 0 |
_aأثر نظام المعلومات المحاسبي على متابعة التحصيل في بلديات شمال المملكة الاردنية الهاشمية : نظام الحوافز كمتغير معدل = The Impact of the Accounting Information System on Following collection in Northen municipalities of the Hashemite Kingdom of Jordan - The incentive system as a Moderating Variable / _cاعداد عابدة خالد الكوفحي ؛ اشراف مهند العبيني |
|
| 260 | _c2023 | ||
| 300 | _a76 ورقة | ||
| 500 | _aرسالة جامعية (ماجستير) تخصص المحاسبة / جامعة عجلون الوطنية | ||
| 650 | 7 | _vالمحاسبة | |
| 700 | 1 |
_aالعبيني، مهند. _eمشرف _965082 |
|
| 942 |
_2lcc _cTHS _n0 |
||
| 999 |
_c33417 _d33417 |
||